| 000 | 00402nam a22001577a 4500 | ||
|---|---|---|---|
| 999 |
_c3827 _d3827 |
||
| 003 | Nust | ||
| 005 | 20170105101226.0 | ||
| 008 | 161208b xxu||||| |||| 00| 0 eng d | ||
| 040 |
_aS3H _c0 |
||
| 082 | _2338.47302 | ||
| 100 | _4Hemant Sharma | ||
| 245 |
_aEncyclopaedia of media economics _btext and cases |
||
| 260 |
_aNew Delhi _bCybertech publications _c2011 |
||
| 300 | _a240p | ||
| 942 |
_2ddc _cBK |
||